000 00582nam a22001937a 4500
005 20260128125754.0
010 _aENG-147691
020 _a9789359830971
_c175.00
035 _aEN-131223
037 _bDBAD
082 _21
_aN
100 _aDibacco, Kevin B
_986963
245 _aCoffee The Mugic Brew/
_cKevin B Dibacco
250 _a1
260 _aEast Delhi
_bPharos Books
_c2024
270 _aPlot No. -63 Main Mother Dairy Road Pandav Nagar, East Delhi
_bEast Delhi
_e110092
_k011-403958555
_msales@pharosbooks.in
300 _a148p.
_c20cm(pb)
942 _2ddc
_cEN
_mDIB
_hN
999 _c214578
_d214578